Every Jetpunk Discord Member on a Map - Statistics

General Stats
  • This quiz has been taken 404 times
    47 since last reset
  • The average score is 6 of 105
Answers on the Map
Answers color-coded by a green-red scale on the quiz's map according to % correct below.
 
Answer Stats
Hint Answer Location % Correct
quiz master Dan Hostetler Seattle
69%
government slave Jeremy San Diego
50%
jet punk Stewart London
31%
subdivision IAmBad Cajazeiras
28%
hates elvis UG332 Spokane
17%
pirlimpimpim powder MG17 Belo Horizonte
14%
trains CreativeSWAT Asansol
11%
autism EnglishTurk Gloucester
11%
save the humanity by guessing countries GeoPhilia India
11%
wards of monaco on a map Hagan Yulee
11%
roof korean Josh Placerville
11%
likes n word music Quizzer6794 Delaware
11%
ngl I wanna create another account that would very obviously be me and then join jetpunk and see if they do anything Shadywyvern Westfield
11%
boner Ethan Mozambique
8%
google translate Jerry928 New Zealand
8%
a world with no czech, polish, romanian or hungarian girls would be very impoverished indeed kalbahamut Homeless
8%
rajesh patel Ninja Dallas
8%
canada could beat the us in a war rg1227 Toronto
8%
county courthouse saffroncat Durham
8%
changes names too much SaturnTheQuizzer Lodz
8%
silas Sealsi Massachusetts
8%
probably the main character Todd Kansas City
8%
mexican Adri Monterrey
6%
basically how the fuck alta North Carolina
6%
lemon demon Bat Cork
6%
woman Cait Amsterdam
6%
cancer Dipperman Alaska
6%
has a wife and children Falla Las Cruces
6%
gay Gio Greece
6%
greek bull Greek Greece
6%
idk they make jetpunk quizzes HinesBrothers Virginia
6%
dunkin donuts James Dallas
6%
not a nazi Jan Luxembourg
6%
indian Lucknowite Lucknow
6%
no you can't make svg maps by hand!!! Max Tacoma
6%
cool guy Nilles Apeldoorn
6%
does not live in oregon Oskar Copenhagen
6%
hates music Patrick Allegheny County
6%
toronto symphony orchestra Puggles Toronto
6%
here is why I think so Scot Toronto
6%
todd associate TheUltimateScoob Kansas City
6%
I need God to provide me with a woman Tootin_Scootin Dallas
6%
Inside of some people is a very big and scarey wolf. Don’t wake it. Val Rhode Island
6%
bull turkey Zach Po Kansas City
6%
talking to sticks 𝔯𝔢𝔟9287𝔫𝔞𝔡𝔡𝔢𝔯33 Melbourne
3%
manifesto Aba Turkey
3%
no one calls him that Absol Pennsylvania
3%
music guy Aka Pittsburgh
3%
cannot comprehend more than a single perspective Austro Austria
3%
shadywyvern clone cacc Virginia
3%
hagans sister Camden Yulee
3%
dhakdhak dhak dhak dhak dhak dkah dhkak dakhkahdakdhakhdahk CHOLEY Vermont
3%
stupid and bad (we hate her) Chuu Fake Metal
3%
haider glow face wash give ur skin the perfect glow colon Pakistan
3%
not online Crown Bot Music Night
3%
we all hate him very much Deven Spokane
3%
weather alerts Dimei Milwaukee
3%
very old dug28 Covington
3%
not real ESCFan Iceland
3%
.fm fm bot Flags & Maps
3%
our favorite silly little guy garfield New Zealand
3%
quiz guy Gassu Switzerland
3%
trackmania Gyrule France
3%
emerson lake and palmer Harmony Vancouver
3%
likes arcade fire interopia Connecticut
3%
I am 57, from argentina janet from argentina Argentina
3%
from the philippines JapGaming Moscow
3%
likes to take his own quizzes 6000 times Jato3 Texas
3%
argues on travel pics JCV Nowhere
3%
default picture Kookmaster Minnesota
3%
cage the elephant Liam Chicago
3%
left because of a background check or something lovelyladylori New York
3%
I am going to delete my account like 3 times for no reason! Malkiboy London
3%
Now before you say I'm supporting a pedophile, I do not condone the actions of this dude and I think he's a real stinker for that. Mark Gibraltar
3%
Cheese Heil! mathandcheese Cheese Heil!
3%
Glory to Math! mathandcheese Glory to Math!
3%
cat Milo Grosse Pointe
3%
first Nikhaz San Antonio
3%
does not belong to user CringeDragon Not Shadywyvern Carmel
3%
it would be so funny if I send ninja's full name and address Ortho Dallas
3%
very fast rawe Buenos Aires
3%
commit sex RedLightning Grosse Pointe
3%
uwajimaya Shannon Buckley
3%
None of them, I am going to steal your quiz ideas like @flag_sg OskarRB (33flag_gb, 15flag_es)! (This is a joke, no one get offended wink) Simple Poll Travel Pics
3%
phish TacoJohn Pittsburgh
3%
sees dead people TheRealGrantma Virginia
3%
serbian nationalist Tim Netherlands
3%
gay TomHolland Tralee
3%
Rylan Dunlap TotallyNotUG Spokane Valley
3%
What? Don’t say that. You’re not gay. Vita Russia
3%
shadywyvern associate Vortex Carmel
3%
no one likes him Wyoming Oklahoma
3%
fake metal xkinsey Brighton
3%
not real Captain Koopa Anguilla
0%
not real Captain Yoshi Anguilla
0%
is not german Elmo Canada
0%
not real Jamesyboy Scotland
0%
not real JayMoo Canada
0%
indian nationalist KingEureka Delhi
0%
I was wondering if it might be possible for me to report an honest, well-meaning oops by one of your Activity Managers. Mikey Florida
0%
idk fnm lolcow Omri Israel
0%
israel did nothing wrong Percy New York
0%
Dear esteemed members of the Flags & Maps discord community, It is with a profound sense of contrition that I extend this written expression of remorse and regret. UncleLarry South Africa
0%
does not belong to user ^TheLetter4 xcy7 Finland
0%
not real Zack! United Kingdom
0%
No matching quizzes found
Score Distribution
Percent of People with Each Score
Percentile by Number Answered
Your Score History
You have not taken this quiz since the last reset